trackmania tricks - Statistics

General Stats
  • This quiz has been taken 65 times
  • The average score is 17 of 31
Answer Stats
Hint Answer % Correct
happens when holding specific keys while on nose nosebug
97%
doing drift while being rotated 90degrees bugslide
95%
used to take sharp turns faster drift
95%
stoping car rotation mid-air airbrake
92%
used to gain speed while having having your skid marks after a car speedslide
92%
crossing fin in not intented spots bugfin
88%
used to drive fast on ice iceslide
85%
way to not slide while driving on dir/plastic/grass noslide
85%
used for low speed turns to take them faster neoslide
83%
hitting wall with specific trick and getting speedboost uberbug
82%
getting over 900speed outside map for it dragon yeet
80%
(most annoying bug in the whole game and its still there after 17years bruh) bassicly can happen when landing on anything landing bug
77%
getting massive amounts of speed by abusing one trick noseboost
75%
Sometimes just crashing is better isnt it? wallbang
68%
gaining extra speed while having full grip on dirt/plastic/grass quantum slide
65%
stoping car sideways rotation mid-air or X axis one if you want to call it like that countersteer
60%
climbing walls overwall
52%
reducing air time from jump/ramps rampcut
52%
can be used when first block is booster (tmnf) start trick
43%
getting bomped from side of platform block or other sharp sided blocks edge bug
37%
driving on the flat wall when falling spider
33%
mostly used for specific maps that requries from that what surrounds map stadium climb
28%
mostly used on trial maps to make hard jumps from pipe or building speed on it pipe dance
25%
funny that you could land in any other way than that and you end up stuck xdd twowheel
25%
niche in use, mostly annoying when it happens but there are some exceptions and also sometimes rng based ramstein bug
18%
(tmnf exclusive) happens when you are inside white pillar block or when driving into it with specificed placed blocks also can be on turtle elevator
15%
used to make 2 turns one after another and both in different direction on specific surface or when doing them normally is slow (both letters and numbers in answer) ice 360
13%
no use in normal maps, mostly used on trial maps or specific kacky maps to fin them by using its nose nose spin
12%
way to get out of water (tmnf name) pool escape
12%
way to get more speed on straight ice icy wiggles
7%
sometimes used for alt nadeo to get up somewhere (works better with other cars like rally) layer climbing
2%
No matching quizzes found
Score Distribution
Percent of People with Each Score
Percentile by Number Answered
Your Score History
You have not taken this quiz